000 00559nam a2200181Ia 4500
003 GCL
008 140319s9999 xx 000 0 ara d
040 _aGCL /
_cGCL
082 0 4 _aق
_b962.064
_bع م
100 1 _aعلوى حافظ
245 1 0 _aمهمتى السرية بين عبدالناصر وامريكا /
_cعلوى حافظ
300 _a362 ص
490 _a
650 0 4 _aالعلاقات الخارجية
650 0 4 _aجمال عبدالناصر
650 0 4 _aمصر - تاريخ - العصر الحديث (1805 - 1956 )
942 _2ddc
_cBK
999 _c44346
_d44346